000 00743nam a2200253Ia 4500
003 OSt
005 20220925215649.0
006 a|||||r|||| 00| 0
007 ta
008 220923b |||||||| |||| 00| 0 eng d
037 _cGeneral Book
040 _aRTL
_cRTL
_beng
041 _2eng
_aeng
082 _aY9(W).63.N7, L7
100 _aCarter Guendolen M
_9283263
245 0 _aSouthern Africa in crises
260 _aLondon
_bIndiana University Press
_c1977
300 _a279p
_ccm.
500 _aBibliography: P 268-71
650 _aPolitical Sociology
700 _a O'Meara Patrick Ed.
_9114459
942 _hY9(W).63.N7, L7
_cGB
_2CC
999 _c569388
_d569388